Keith Haring : (Record no. 193113)
[ view plain ]
| 000 -LEADER | |
|---|---|
| campo de control de longitud fija | 01641nam a2200349 i 4500 |
| 001 - NÚMERO DE CONTROL | |
| campo de control | 193113 |
| 003 - IDENTIFICADOR DE NÚMERO DE CONTROL | |
| campo de control | ES-MaACL |
| 005 - FECHA Y HORA DE LA ÚLTIMA TRANSACCIÓN | |
| campo de control | 20240708063025.0 |
| 007 - CAMPO FIJO DE DESCRIPCIÓN FÍSICA--INFORMACIÓN GENERAL | |
| campo de control de longitud fija | ta |
| 008 - DATOS DE LONGITUD FIJA--INFORMACIÓN GENERAL | |
| campo de control de longitud fija | 230821s1995 it c 000 spa d |
| 020 ## - NÚMERO INTERNACIONAL ESTÁNDAR DEL LIBRO | |
| Número Internacional Estándar del Libro | 8881580098 |
| 035 ## - NÚMERO DE CONTROL DEL SISTEMA | |
| Número de control de sistema | Rebiun28421646 |
| 040 ## - FUENTE DE CATALOGACIÓN | |
| Centro catalogador/agencia de origen | USA.SABUS. |
| Centro/agencia modificador | UNAV |
| -- | uned |
| Lengua de catalogación | spa |
| Centro/agencia transcriptor | ES-MaACL |
| 080 ## - NÚMERO DE LA CLASIFICACIÓN DECIMAL UNIVERSAL | |
| Número de la Clasificación Decimal Universal | 7 |
| 100 1# - ENTRADA PRINCIPAL--NOMBRE DE PERSONA | |
| Nombre de persona | Haring, Keith |
| 9 (RLIN) | 233965 |
| 245 10 - MENCIÓN DEL TÍTULO | |
| Título | Keith Haring : |
| Resto del título | [catálogo de la exposición celebrada en Castello di Rivoli, Museo d'arte contemporanea, 3 febrero-30 abril 1994 ; Malmö, Malmö Konsthall, 6 junio-21 agosto 1994 ; Hamburgo, Deichtorhallen, 8 septiembre-13 noviembre 1994 ; Tel Aviv, Tel Aviv Museum of Art, 8 diciembre 1994-18 marzo 1995 ; Madrid, Fundación "la Caixa", 28 abril-16 julio 1995] / |
| Mención de responsabilidad, etc. | comisario de la exposición, Germano Celant ; dirección del catálogo Germano Celant, Ida Gianelli |
| 260 ## - PUBLICACIÓN, DISTRIBUCIÓN, ETC. | |
| Lugar de publicación, distribución, etc. | Milán : |
| Nombre del editor, distribuidor, etc. | Charta, |
| Fecha de publicación, distribución, etc. | cop. 1995 |
| 300 ## - DESCRIPCIÓN FÍSICA | |
| Extensión | 260 p. : |
| Otras características físicas | il. col. ; |
| Dimensiones | 28 cm |
| 336 ## - TIPO DE CONTENIDO | |
| Fuente | rdacontent |
| Término de tipo de contenido | Texto |
| 337 ## - TIPO DE MEDIO | |
| Fuente | rdamedia |
| Nombre/término del tipo de medio | sin mediación |
| 338 ## - TIPO DE SOPORTE | |
| Fuente | rdacarrier |
| Nombre/término del tipo de soporte | volumen |
| 500 ## - NOTA GENERAL | |
| Nota general | En contraportada.: Fundación "La Caixa" |
| 500 ## - NOTA GENERAL | |
| Nota general | Catalogación provisional. Signatura: N 8609. Depósito J. |
| 600 17 - PUNTO DE ACCESO ADICIONAL DE MATERIA--NOMBRE DE PERSONA | |
| Nombre de persona | Haring, Keith |
| 9 (RLIN) | 233965 |
| Subdivisión de forma | Exposiciones |
| 655 #7 - TERMINO DE INDIZACIÓN--GENERO/FORMA | |
| 9 (RLIN) | 193628 |
| Datos o término principal de género/forma | Catálogos de exposiciones |
| 852 ## - LOCALIZACIÓN | |
| Ubicación | ES-MaACL |
| itemnumber | 200425 |
| Sublocalización o colección | R.151925 |
| Número de control de estantería | N-8609 |
| Ubicación en estantería | Depósito J |
| Donativo/Legado | Donación: Editorial |
| Nota libre | En proceso |
| 942 ## - ELEMENTOS DE ENTRADA SECUNDARIOS (KOHA) | |
| Suprimir en OPAC | No |
| Tipo de ítem Koha | Libro impreso |
| Estatus retirado | Estado de pérdida | Fuente del sistema de clasificación o colocación | Estado de daño | No para préstamo | Biblioteca de origen | Biblioteca actual | Ubicación en estantería | Fecha de adquisición | Fuente de adquisición | Total de préstamos | Signatura topográfica completa | Código de barras | Visto por última vez | Precio de reemplazo | Tipo de ítem Koha |
|---|---|---|---|---|---|---|---|---|---|---|---|---|---|---|---|
| Clasificación decimal universal | Biblioteca del Ateneo de Madrid | Biblioteca del Ateneo de Madrid | Depósito J | 06/11/2017 | Donación | N-8609 | 101205718 | 21/08/2023 | 21/08/2023 | Libro impreso |
